000 00440nam a2200145Ia 4500
008 230917s9999||||xx |||||||||||||| ||und||
040 _e36313
_aMAIN
041 _aEnglish
082 _a658.1554 I8M
100 _aIrvin, George
245 0 _aModern cost- benefit method: an introduction to financial, economics and socialo appraisal of development projects
260 _aLondon
_bMacmillan
_c1978
300 _axiii, 257 p.
942 _cBK
999 _c194439
_d194439